000 00685nam a2200241Ia 4500
003 OSt
005 20220926013028.0
006 a|||||r|||| 00| 0
007 ta
008 220923b |||||||| |||| 00| 0 eng d
037 _cGeneral Book
040 _aRTL
_cRTL
_beng
041 _2eng
_aeng
082 _aT4.73.N6, K8
100 _aBarzun Jacques
_958267
245 0 _aAmerican university
_b How it runs where it is going
260 _aNew York
_bHarper & Row U S A
_c1968
300 _axii,319p.
_ccm.
500 _aAppendix p. 287-302
650 _aUniversity Education
942 _hT4.73.N6, K8
_cGB
_2CC
999 _c624989
_d624989